Computer arithmetic : (Record no. 194861)
[ view plain ]
| 000 -LEADER | |
|---|---|
| fixed length control field | 01205 a2200217 4500 |
| 003 - CONTROL NUMBER IDENTIFIER | |
| control field | Nust |
| 005 - DATE AND TIME OF LATEST TRANSACTION | |
| control field | 20170207154206.0 |
| 010 ## - LIBRARY OF CONGRESS CONTROL NUMBER | |
| LC control number | 78018922 |
| 020 ## - INTERNATIONAL STANDARD BOOK NUMBER | |
| International Standard Book Number | 0471034967 |
| 040 ## - CATALOGING SOURCE | |
| Transcribing agency | Nust |
| 082 00 - DEWEY DECIMAL CLASSIFICATION NUMBER | |
| Classification number | 621.3819 |
| 100 1# - MAIN ENTRY--PERSONAL NAME | |
| Personal name | Hwang, Kai. |
| 245 10 - TITLE STATEMENT | |
| Title | Computer arithmetic : |
| Remainder of title | principles, architecture, and design / |
| Statement of responsibility, etc. | Kai Hwang. |
| 260 ## - PUBLICATION, DISTRIBUTION, ETC. | |
| Place of publication, distribution, etc. | New York : |
| Name of publisher, distributor, etc. | Wiley, |
| Date of publication, distribution, etc. | c1979. |
| 300 ## - PHYSICAL DESCRIPTION | |
| Extent | xiii, 423 p. : |
| Other physical details | ill. ; |
| Dimensions | 24 cm. |
| 505 ## - FORMATTED CONTENTS NOTE | |
| Formatted contents note | Computer Arithmetic and Number System (Page-1) Integrated Circuits and Devices (Page-31) Fast Two-Operand Adders/Sub tractors (Page-69) Multioperand Adders, Signed – Signed-Digit Arithmetic and ALU(Page-97) Standard and Recoded Multipliers (Page-129) Iterative Cellular Array Multipliers (Page-161) Standard and High-Radix Dividers (Page-213) Convergence Division and Cellular Array Dividers (Page-251) Normalized Floating –Point Arithmetic Processors (Page-285) Advanced Topics on Floating -Point Arithmetic (Page-321)Elementary Factions, Pipelined Arithmetic, and Error Control (Page-359) |
| 538 ## - SYSTEM DETAILS NOTE | |
| System details note | Almirah No. 130 and Shelf No.4 |
| 650 #0 - SUBJECT ADDED ENTRY--TOPICAL TERM | |
| Topical term or geographic name entry element | Computer arithmetic and logic units. |
| 650 #0 - SUBJECT ADDED ENTRY--TOPICAL TERM | |
| Topical term or geographic name entry element | Computer arithmetic. |
| 650 #0 - SUBJECT ADDED ENTRY--TOPICAL TERM | |
| Topical term or geographic name entry element | Electronic digital computers. |
| 942 ## - ADDED ENTRY ELEMENTS (KOHA) | |
| Source of classification or shelving scheme | |
| Koha item type | Book |
| Withdrawn status | Lost status | Source of classification or shelving scheme | Damaged status | Not for loan | Collection code | Permanent Location | Current Location | Date acquired | Total Checkouts | Full call number | Barcode | Date last seen | Price effective from | Koha item type |
|---|---|---|---|---|---|---|---|---|---|---|---|---|---|---|
| Military College of Signals (MCS) | Military College of Signals (MCS) | 12/12/2016 | 621.3819 HWA | MCS1756 | 12/08/2016 | 12/12/2016 | Book |
